Akademický malíř Jaroslav Polanský : u příležitosti umělcových šedesátin vydalo Horácké muzeum a galerie v Novém Městě na Moravě /

Hlavní autor: Polanský, Jaroslav, 1909-1970
Korporativní autor: Horácké muzeum (Nové Město na Moravě, Česko)
Další autoři: Křížek, Josef, 1922-
Jazyk: Čeština
Vydáno: Nové Město na Moravě : Horácké muzeum a galerie, 1969
Témata:
Fyzický popis: 1 nestránkovaný sv.
Knihy
Uloženo v:
LEADER 01365nam a2200337 a 4500
001 000609618
003 CZ BrMZK
005 20170517063858.0
008 020709s1969 xr e dcze d
040 |a BOA001  |b cze  |c BOA001 
043 |a e-xr--- 
072 7 |a 75  |x Malířství  |2 Konspekt  |9 21 
080 |a 75.071.1  |2 MRF 
080 |a 929  |2 MRF 
080 |a 75(437.3)  |2 MRF 
080 |a (437.3)  |2 MRF 
080 |a (082.2)  |2 MRF 
100 1 |a Polanský, Jaroslav,  |d 1909-1970  |7 ola200207876  |4 art 
245 1 0 |a Akademický malíř Jaroslav Polanský :  |b u příležitosti umělcových šedesátin vydalo Horácké muzeum a galerie v Novém Městě na Moravě /  |c text Josef Křížek 
260 |a Nové Město na Moravě :  |b Horácké muzeum a galerie,  |c 1969 
300 |a 1 nestránkovaný sv. 
600 1 7 |a Polanský, Jaroslav,  |d 1909-1970  |7 ola200207876 
648 7 |a 20. století  |7 ch460558 
650 0 7 |a malíři  |7 ph122596  |z Česko  |y 20. století  |2 czenas 
650 0 7 |a české malířství  |7 ph116864  |y 20. století  |2 czenas 
655 7 |a jubilejní publikace  |7 fd131839  |2 czenas 
700 1 |a Křížek, Josef,  |d 1922-  |7 ola200204134  |4 wfw 
710 2 |a Horácké muzeum (Nové Město na Moravě, Česko)  |7 kn20020321375 
910 |a BOA001  |b X-0781.652 
990 |a BK 
996 6 |b 2619183210  |c X-0781.652  |l MZK  |r Sklad / do 24 hodin  |n 1  |w 000609618  |u 000010  |a 1  |e BOA001  |j MZK50  |s P